Διερεύνηση της δημιουργικότητας των παιδιών μέσω της κατασκευής τρισδιάστατων παιχνιδιών με τη χρήση προγραμματισμού : διπλωματική εργασία [πτυχιακή εργασία]
Saved in:
| Main Author: | |
|---|---|
| Corporate Author: | |
| Format: | Thesis Book |
| Language: | Greek |
| Published: |
2016.
|
| Subjects: | |
| Online Access: | http://hdl.handle.net/11610/22906 |
| Tags: |
Add Tag
No Tags, Be the first to tag this record!
|
MARC
| LEADER | 00000cam a2200000 a 4500 | ||
|---|---|---|---|
| 001 | 1/112160 | ||
| 008 | 161005s2016####gr | ||| |||| ||gre|| | ||
| 040 | |a GR-MyUa |b gre |c GR-MyUa |e AACR2 | ||
| 041 | 0 | |a gre | |
| 082 | 7 | |a 371.337 |2 (23) | |
| 100 | 1 | |a Χατζηγρηγορίου, Μαριάννα. | |
| 245 | 1 | 0 | |a Διερεύνηση της δημιουργικότητας των παιδιών μέσω της κατασκευής τρισδιάστατων παιχνιδιών με τη χρήση προγραμματισμού : |b διπλωματική εργασία [πτυχιακή εργασία] / |c Χατζηγρηγορίου Μαριάννα ; επιβλέπων καθηγητής: Φωκίδης Εμμανουήλ. |
| 260 | |c 2016. | ||
| 300 | |a 90σ. : |b διαγρ., εικ., πίν. ; |c 30 εκ. | ||
| 500 | |a Μέλη εξεταστικής επιτροπής: Τσολακίδης Κωνσταντίνος, Σκουμιός Μιχαήλ. | ||
| 502 | |a Πτυχιακή εργασία – Πανεπιστήμιο Αιγαίου, Ρόδος, 2016. | ||
| 504 | |a Βιβλιογραφία: σ. 72-79. | ||
| 506 | 1 | |a Πλήρες κείμενο - Ελεύθερη δημοσίευση - Κλειδωμένη η δυνατότητα αντιγραφής. | |
| 650 | 0 | |a Creative ability in children. | |
| 650 | 0 | |a Educational games |x Interactive multimedia. | |
| 650 | 0 | |a Activity programs in education. | |
| 650 | 0 | |a Three-dimensional display systems. | |
| 650 | 0 | |a Computer games |x Programming. | |
| 650 | 0 | |a Computer graphics. | |
| 650 | 0 | |a Cooperation |x Study and teaching. | |
| 700 | 1 | |a Φωκίδης, Εμμανουήλ, |e dgs | |
| 710 | 2 | |a Πανεπιστήμιο Αιγαίου. |b Σχολή Ανθρωπιστικών Επιστημών. |b Παιδαγωγικό Τμήμα Δημοτικής Εκπαίδευσης. | |
| 852 | |a INST |b RHODES |c DIATR |e 20161005 |h 371.337 ΧΑΤ |p 005400038801 |q 005400038801 |t DIE |y 23 | ||
| 856 | |u http://hdl.handle.net/11610/22906 | ||
| 924 | |a Χατζηγρηγορίου |b Μαριάννα |y Ρόδος |z 2016-06 | ||
| 970 | |z 05-10-2016 | ||